000 00262nam a22001217a 4500
008 170525b xxu||||| |||| 00| 0 eng d
041 _aeng
080 _a007.52
100 _a26
101 _aIM
245 _aINDUSTRIE RABOTER
_cWARNECKE.H.J
942 _2udc
_cBK
999 _c14283
_d14283